Capitales européennes en L - Statistiques

Statistiques générales
  • Ce quiz a été pris 172 fois
  • Le résultat moyen est 4 sur 5
Statistiques - réponses
Réponse % Correct
Lisbonne
91%
Londres
90%
Ljubljana
84%
Luxembourg
82%
La Valette
73%
Aucun quiz correspondant
Distribution des résultats
% des personnes avec chaque résultat
Percentile par nombre de réponses
Votre historique - résultats
Vous n’avez pas pris ce quiz